[Event "Olbia CIG U16 24th"]
[Site "Olbia"]
[Date "2016.07.01"]
[Round "8"]
[White "Andolfatto, Maria"]
[Black "Baronio, Gaia"]
[Result "1/2-1/2"]
[WhiteElo "1843"]
[BlackElo "1859"]
[PlyCount "95"]
[EventDate "2016.06.26"]
[EventType "swiss"]
[EventRounds "9"]
[EventCountry "ITA"]
[SourceTitle "EXT 2024"]
[Source "ChessBase"]
[SourceDate "2023.10.10"]
[SourceVersion "1"]
[SourceVersionDate "2023.10.10"]
[SourceQuality "1"]

1. Nf3 d5 2. b3 Nf6 3. Bb2 Bf5 4. e3 e6 5. d4 Nbd7 6. c4 c6 7. Bd3 Bxd3 8. Qxd3 Ne4 9. 0-0 Bd6 10. Nbd2 f5 11. Qe2 0-0 12. Ne5 Qe7 13. Nxd7 Qxd7 14. f3 Nxd2 15. Qxd2 Qc7 16. g3 Rf6 17. Rf2 Rg6 18. Rg2 h5 19. e4 h4 20. e5 Be7 21. gxh4 Rxg2+ 22. Kxg2 Kf7 23. Rg1 Rh8 24. Bc1 Bxh4 25. Kf1 Kg8 26. Qg2 Qf7 27. Ke2 Be7 28. c5 Rh7 29. Bf4 Qh5 30. Ke3 Kf7 31. b4 g6 32. Kf2 Qh4+ 33. Qg3 Qh5 34. Kf1 Rg7 35. Bg5 Bxg5 36. Qxg5 Qxf3+ 37. Ke1 Qe4+ 38. Kf1 Qd3+ 39. Ke1 Qc3+ 40. Kf1 Qh3+ 41. Ke1 Qxh2 42. Qf6+ Kg8 43. Rxg6 Qh1+ 44. Kf2 Qh2+ 45. Ke1 Qh1+ 46. Kf2 Qh2+ 47. Ke1 Qh1+ 48. Kd2 1/2-1/2

[Event "Milan Palladino Memorial-A 7th"]
[Site "Milan"]
[Date "2015.04.04"]
[Round "4"]
[White "Baronio, Gaia"]
[Black "Steinhauser, Thomas"]
[Result "0-1"]
[WhiteElo "1845"]
[BlackElo "2110"]
[PlyCount "92"]
[EventDate "2015.04.02"]
[EventType "swiss"]
[EventRounds "7"]
[EventCountry "ITA"]
[SourceTitle "EXT 2017"]
[Source "ChessBase"]
[SourceDate "2016.10.25"]
[SourceVersion "1"]
[SourceVersionDate "2016.10.25"]
[SourceQuality "1"]

1. e4 Nf6 2. e5 Nd5 3. d4 d6 4. Nf3 Bg4 5. Be2 e6 6. 0-0 Be7 7. exd6 cxd6 8. c4 Nb6 9. Nc3 0-0 10. b3 Nc6 11. Be3 d5 12. c5 Nc8 13. a3 Bf6 14. b4 a6 15. Rc1 N8e7 16. Nb1 Nf5 17. Nbd2 g6 18. h3 Bxf3 19. Nxf3 Bg7 20. Qd2 Nxe3 21. Qxe3 Qf6 22. Rfd1 h5 23. Rb1 Rfb8 24. a4 a5 25. b5 Nb4 26. Qd2 Rc8 27. Rdc1 Kh7 28. Ng5+ Kg8 29. Nf3 Qe7 30. Ne1 Kh7 31. Nc2 Bh6 32. Ne3 Qf6 33. Qb2 Bg7 34. Rd1 Rxc5 35. dxc5 Qxb2 36. Rxb2 Bxb2 37. Rb1 Bd4 38. Rc1 Rc8 39. c6 bxc6 40. bxc6 Bxe3 41. fxe3 Rxc6 42. Rf1 Kg7 43. Bb5 Rc3 44. Be8 f5 45. Rf3 Nc6 46. g4 Ne5 0-1

[Event "Milan Crespi op-C 35th"]
[Site "Milan"]
[Date "2014.12.06"]
[Round "3"]
[White "Baronio, Gaia"]
[Black "Sics, Maksims"]
[Result "1/2-1/2"]
[WhiteElo "1792"]
[BlackElo "1861"]
[PlyCount "102"]
[EventDate "2014.12.04"]
[EventType "swiss"]
[EventRounds "7"]
[EventCountry "ITA"]
[SourceTitle "EXT 2017"]
[Source "ChessBase"]
[SourceDate "2016.10.25"]
[SourceVersion "1"]
[SourceVersionDate "2016.10.25"]
[SourceQuality "1"]

1. e4 c5 2. Nf3 e6 3. d4 cxd4 4. Nxd4 a6 5. c4 Nf6 6. Nc3 Qc7 7. Be2 Bb4 8. Qd3 Nc6 9. f4 d6 10. Be3 Bd7 11. Nb3 Na5 12. Nd2 b5 13. cxb5 Bxc3 14. bxc3 axb5 15. 0-0 0-0 16. g4 Rfc8 17. Rac1 Nc4 18. g5 Nxe3 19. Qxe3 Ne8 20. Rc2 Qa7 21. Qxa7 Rxa7 22. Rb1 Ra3 23. c4 bxc4 24. Nxc4 Ra7 25. Rd2 d5 26. exd5 exd5 27. Ne5 Bf5 28. Rbb2 f6 29. Ng4 fxg5 30. fxg5 Rc1+ 31. Rd1 Rxd1+ 32. Bxd1 Nd6 33. Ne5 Kf8 34. Rf2 Re7 35. Nd3 Re3 36. Bc2 Ke7 37. Nb4 Ke6 38. Bxf5+ Nxf5 39. Nxd5 Re1+ 40. Kg2 Ke5 41. Nb4 Re4 42. Nd3+ Kd4 43. Rxf5 Kxd3 44. Kg3 Ra4 45. Rf3+ Ke2 46. a3 h6 47. gxh6 gxh6 48. Rb3 h5 49. h3 Ke1 50. Kf3 Rh4 51. Kg3 Ra4 1/2-1/2

[Event "Milan Molinari Memorial-B 8th"]
[Site "Milan"]
[Date "2014.11.01"]
[Round "5"]
[White "Baronio, Gaia"]
[Black "Crippa, Oscar"]
[Result "1-0"]
[WhiteElo "1686"]
[BlackElo "1685"]
[PlyCount "129"]
[EventDate "2014.10.29"]
[EventType "swiss"]
[EventRounds "6"]
[EventCountry "ITA"]
[SourceTitle "EXT 2024"]
[Source "ChessBase"]
[SourceDate "2023.10.10"]
[SourceVersion "1"]
[SourceVersionDate "2023.10.10"]
[SourceQuality "1"]

1. e4 e6 2. d4 d5 3. Nd2 Nf6 4. e5 Nfd7 5. Bd3 c5 6. c3 Nc6 7. Ne2 cxd4 8. cxd4 f6 9. exf6 Nxf6 10. 0-0 Bd6 11. Nf3 0-0 12. Bg5 Qb6 13. Nc3 Bd7 14. Na4 Qd8 15. Rc1 b6 16. Re1 Rc8 17. Nc3 Be7 18. Ba6 Rb8 19. Bf4 e5 20. dxe5 Nh5 21. Qxd5+ Kh8 22. Bg3 Nb4 23. Qc4 Nxg3 24. hxg3 Nxa6 25. Qxa6 Bc6 26. Qe2 Qe8 27. Ne4 Bb4 28. Red1 Bb5 29. Qe3 Qh5 30. Qg5 Qxg5 31. Nexg5 Be2 32. Rd4 Bc5 33. Rd2 Bxf3 34. Nxf3 Rbd8 35. Rcd1 Rxd2 36. Rxd2 Kg8 37. Rd7 a5 38. Rd2 h6 39. Re2 Kf7 40. Nd2 Ke6 41. Nb3 Be7 42. Kf1 Rd8 43. f4 Rd3 44. g4 g6 45. Rd2 Rg3 46. Nd4+ Kf7 47. Nc6 Rxg4 48. Rd7 Rxf4+ 49. Kg1 Ke6 50. Rxe7+ Kd5 51. Nd8 Rf8 52. Nf7 h5 53. e6 Rc8 54. Rd7+ Kxe6 55. Rb7 Rf8 56. Ng5+ Kf5 57. Rf7+ Rxf7 58. Nxf7 Ke4 59. Nd6+ Kd4 60. Kf1 Kd3 61. Nc8 b5 62. Nd6 b4 63. Ke1 Kc2 64. Nc4 Kd3 65. Nxa5 1-0

[Event "Milan Molinari Memorial-B 8th"]
[Site "Milan"]
[Date "2014.10.30"]
[Round "2"]
[White "Poletto, Daniele"]
[Black "Baronio, Gaia"]
[Result "0-1"]
[WhiteElo "1731"]
[BlackElo "1686"]
[PlyCount "100"]
[EventDate "2014.10.29"]
[EventType "swiss"]
[EventRounds "6"]
[EventCountry "ITA"]
[SourceTitle "EXT 2024"]
[Source "ChessBase"]
[SourceDate "2023.10.10"]
[SourceVersion "1"]
[SourceVersionDate "2023.10.10"]
[SourceQuality "1"]

1. c4 c6 2. Nf3 Nf6 3. g3 d5 4. b3 Bf5 5. Bb2 e6 6. Bg2 Be7 7. 0-0 h6 8. d3 0-0 9. Nbd2 Nbd7 10. cxd5 cxd5 11. Rc1 Rc8 12. Rxc8 Qxc8 13. Qa1 Qa8 14. Rc1 Rc8 15. Rxc8+ Qxc8 16. Qc1 Qxc1+ 17. Bxc1 Bc5 18. Bb2 Ng4 19. Bd4 b6 20. Bxc5 bxc5 21. h3 Ngf6 22. d4 Ne4 23. dxc5 Ndxc5 24. Nxe4 Nxe4 25. Nd4 Bh7 26. a4 Nc5 27. Nc6 Nxb3 28. Nxa7 Na5 29. Nc8 Bc2 30. Nb6 Kf8 31. e3 Bb3 32. Bf1 Bc4 33. Bxc4 dxc4 34. Kf1 Ke7 35. Ke2 Kd6 36. Kd2 Kc5 37. Nd7+ Kb4 38. Nb6 Kb3 39. Kc1 Kc3 40. Nd7 Nb3+ 41. Kd1 Kb2 42. Ne5 Na5 43. Nf3 c3 44. Nd4 Nc4 45. Nc2 Kb1 46. Nb4 Nb2+ 47. Ke2 c2 48. Nxc2 Kxc2 49. a5 Nc4 50. a6 Nb6 0-1

[Event "ITA-ch U14 Girls"]
[Site "Tarvisio"]
[Date "2014.06.30"]
[Round "3"]
[White "Baronio, Gaia"]
[Black "Scarpa, Silvia"]
[Result "0-1"]
[WhiteElo "1645"]
[BlackElo "1806"]
[PlyCount "62"]
[EventDate "2014.06.29"]
[EventType "swiss"]
[EventRounds "9"]
[EventCountry "ITA"]
[SourceTitle "EXT 2015"]
[Source "ChessBase"]
[SourceDate "2014.11.20"]
[SourceVersion "1"]
[SourceVersionDate "2014.11.20"]
[SourceQuality "1"]

1. e4 c5 2. Nf3 d6 3. d4 cxd4 4. Nxd4 Nf6 5. Nc3 a6 6. h3 Nbd7 7. g3 Nc5 8. Bg2 e5 9. Nb3 Nxb3 10. axb3 Be6 11. 0-0 h6 12. Be3 b5 13. Nd5 Nxd5 14. exd5 Bf5 15. c3 Be7 16. Qe2 0-0 17. Ra2 Bd7 18. b4 f5 19. Re1 Qe8 20. Ra3 Qg6 21. Bc1 Rf7 22. Qc2 Qf6 23. b3 f4 24. g4 Qh4 25. Rd1 f3 26. Bf1 h5 27. c4 hxg4 28. hxg4 Qxg4+ 29. Kh1 Rf5 30. Qxf5 Bxf5 31. cxb5 Kf7 0-1

[Event "Milan Carnevale op-B 5th"]
[Site "Milan"]
[Date "2014.03.07"]
[Round "3"]
[White "Baronio, Gaia"]
[Black "Olmo, Angel"]
[Result "1-0"]
[WhiteElo "1607"]
[BlackElo "1587"]
[PlyCount "79"]
[EventDate "2014.03.05"]
[EventType "swiss"]
[EventRounds "6"]
[EventCountry "ITA"]
[SourceTitle "EXT 2015"]
[Source "ChessBase"]
[SourceDate "2014.11.20"]
[SourceVersion "1"]
[SourceVersionDate "2014.11.20"]
[SourceQuality "1"]

1. e4 c5 2. Nf3 d6 3. d4 cxd4 4. Nxd4 Nf6 5. Nc3 a6 6. g3 e5 7. Nf3 Be7 8. Bg2 b5 9. 0-0 Bb7 10. Nd2 Nbd7 11. Re1 Rc8 12. a3 Nb6 13. Qe2 0-0 14. Bh3 Rc6 15. Nb3 Nc4 16. Nd2 Bc8 17. Bg2 Bg4 18. Bf3 Bh3 19. Bg2 Bxg2 20. Kxg2 Qc7 21. Nxc4 Rxc4 22. Qf3 h6 23. Bd2 Qb7 24. Kg1 Rfc8 25. Rac1 a5 26. Nd5 Nxd5 27. exd5 b4 28. axb4 Rxc2 29. Rxc2 Rxc2 30. Qd3 Rxb2 31. bxa5 Rb5 32. Ra1 Rxd5 33. a6 Qa8 34. Qe4 f5 35. Qf3 e4 36. Qb3 Kh7 37. a7 Rc5 38. Qb8 Rc8 39. Qxc8 Qxc8 40. a8Q 1-0

[Event "Milan Befana op-B"]
[Site "Milan"]
[Date "2014.01.04"]
[Round "3"]
[White "Cecchini, Massimo S"]
[Black "Baronio, Gaia"]
[Result "1/2-1/2"]
[WhiteElo "1786"]
[BlackElo "1613"]
[PlyCount "80"]
[EventDate "2014.01.02"]
[EventType "swiss"]
[EventRounds "7"]
[EventCountry "ITA"]
[SourceTitle "EXT 2015"]
[Source "ChessBase"]
[SourceDate "2014.11.20"]
[SourceVersion "1"]
[SourceVersionDate "2014.11.20"]
[SourceQuality "1"]

1. d4 d5 2. Nf3 Nf6 3. c4 c6 4. Nc3 dxc4 5. a4 Bf5 6. e3 e6 7. Bxc4 Bb4 8. 0-0 0-0 9. h3 h6 10. Bd2 Nbd7 11. Qe2 Bg6 12. Nh2 Qc7 13. Rfd1 Rad8 14. Rac1 Nb6 15. Bb3 Rfe8 16. Ng4 Nbd7 17. Nb5 Qa5 18. Nd6 Bxd2 19. Rxd2 Ne4 20. Nxe4 Bxe4 21. Bd1 Bf5 22. Nh2 Nf6 23. f3 Bg6 24. b3 e5 25. Rc4 exd4 26. Rcxd4 Rxd4 27. Rxd4 Qc3 28. Nf1 Qxd4 29. exd4 Rxe2 30. Bxe2 Bc2 31. Nd2 Nd5 32. Kf2 Kf8 33. Bc4 Nb6 34. Be2 Nd5 35. Bc4 Ke7 36. g3 Nb6 37. Be2 Nd5 38. Bc4 Nb6 39. Be2 Nd5 40. Bc4 Nb6 1/2-1/2

[Event "Milan Crespi op-B 34th"]
[Site "Milan"]
[Date "2013.12.08"]
[Round "6"]
[White "Baronio, Gaia"]
[Black "Versari, Marino"]
[Result "1-0"]
[WhiteElo "1591"]
[BlackElo "1600"]
[PlyCount "51"]
[EventDate "2013.12.04"]
[EventType "swiss"]
[EventRounds "7"]
[EventCountry "ITA"]
[SourceTitle "EXT 2015"]
[Source "ChessBase"]
[SourceDate "2014.11.20"]
[SourceVersion "1"]
[SourceVersionDate "2014.11.20"]
[SourceQuality "1"]

1. e4 c5 2. c3 Nc6 3. d4 cxd4 4. cxd4 d5 5. e5 Bf5 6. Nf3 e6 7. Bd3 Bxd3 8. Qxd3 Bb4+ 9. Nc3 Nge7 10. 0-0 h6 11. a3 Ba5 12. Be3 a6 13. Rac1 b5 14. b4 Bb6 15. Rfd1 0-0 16. Ne2 Rc8 17. Ng3 f5 18. Ne2 Ng6 19. Nf4 Nxf4 20. Bxf4 g5 21. Be3 Ne7 22. Rxc8 Nxc8 23. Rc1 Qe8 24. h3 Bd8 25. Rxc8 Qd7 26. Qc2 1-0

[Event "Milan Crespi op-B 34th"]
[Site "Milan"]
[Date "2013.12.08"]
[Round "7"]
[White "Casati, Ivan Mario"]
[Black "Baronio, Gaia"]
[Result "0-1"]
[WhiteElo "1336"]
[BlackElo "1591"]
[PlyCount "26"]
[EventDate "2013.12.04"]
[EventType "swiss"]
[EventRounds "7"]
[EventCountry "ITA"]
[SourceTitle "EXT 2015"]
[Source "ChessBase"]
[SourceDate "2014.11.20"]
[SourceVersion "1"]
[SourceVersionDate "2014.11.20"]
[SourceQuality "1"]

1. d4 d5 2. c4 c6 3. Nc3 Nf6 4. Nf3 dxc4 5. a4 Bf5 6. e3 e6 7. Bxc4 Bb4 8. 0-0 Nbd7 9. Bd3 Bxd3 10. Qxd3 0-0 11. b3 Qc7 12. h3 Rfd8 13. Qe2 Bxc3 0-1

[Event "Milan Crespi op-B 34th"]
[Site "Milan"]
[Date "2013.12.07"]
[Round "5"]
[White "Alidosi, Marco"]
[Black "Baronio, Gaia"]
[Result "1-0"]
[WhiteElo "1781"]
[BlackElo "1591"]
[PlyCount "71"]
[EventDate "2013.12.04"]
[EventType "swiss"]
[EventRounds "7"]
[EventCountry "ITA"]
[SourceTitle "EXT 2015"]
[Source "ChessBase"]
[SourceDate "2014.11.20"]
[SourceVersion "1"]
[SourceVersionDate "2014.11.20"]
[SourceQuality "1"]

1. d4 d5 2. c4 c6 3. Nf3 Nf6 4. cxd5 cxd5 5. Bf4 Nc6 6. e3 e6 7. Nc3 Bb4 8. Bd3 0-0 9. 0-0 Re8 10. Qb3 Bd6 11. Ne5 Bxe5 12. Bxe5 Nxe5 13. dxe5 Nd7 14. f4 Qb6 15. Qxb6 Nxb6 16. Nb5 Rd8 17. Nd6 Rb8 18. Rac1 Rd7 19. Rc2 g6 20. Rfc1 Rd8 21. Rc7 f5 22. b4 Bd7 23. Rxb7 Rxb7 24. Nxb7 Rc8 25. Rxc8+ Bxc8 26. Nd6 Bd7 27. Kf2 Na4 28. Bb5 Nb6 29. Bxd7 Nxd7 30. Nb5 a6 31. Nc7 Nb8 32. Nxe6 Nc6 33. a3 Na7 34. Nc7 Nb5 35. Nxb5 axb5 36. Ke2 1-0

[Event "Milan Crespi op-B 34th"]
[Site "Milan"]
[Date "2013.12.05"]
[Round "2"]
[White "Baronio, Gaia"]
[Black "Trent, Alan M"]
[Result "0-1"]
[WhiteElo "1591"]
[BlackElo "1700"]
[PlyCount "97"]
[EventDate "2013.12.04"]
[EventType "swiss"]
[EventRounds "7"]
[EventCountry "ITA"]
[SourceTitle "EXT 2015"]
[Source "ChessBase"]
[SourceDate "2014.11.20"]
[SourceVersion "1"]
[SourceVersionDate "2014.11.20"]
[SourceQuality "1"]

1. e4 g6 2. d4 c6 3. c4 d5 4. cxd5 cxd5 5. e5 Nc6 6. Nc3 e6 7. Nf3 Bd7 8. Bd3 a6 9. a3 Rc8 10. 0-0 Qb6 11. Be2 Nh6 12. b4 Nxe5 13. Nxe5 Rxc3 14. Be3 Rc7 15. Nxd7 Rxd7 16. Rc1 Bg7 17. Rc8+ Rd8 18. Qc2 0-0 19. Rxd8 Rxd8 20. Bd3 Ng4 21. h3 Nxe3 22. fxe3 Qd6 23. Qf2 Qc7 24. Qf3 Rf8 25. Qe2 Qc3 26. b5 axb5 27. Bxb5 Qxa3 28. Qf2 Bh6 29. Re1 Qb4 30. Bf1 Rc8 31. Qg3 Qb6 32. Qf2 Rc3 33. Qg3 Rc8 34. Qf2 Qd6 35. Qh4 Bg7 36. Qf2 e5 37. Rb1 b6 38. Qg3 f5 39. Qf2 exd4 40. exd4 Re8 41. Bd3 Qe6 42. Bb5 Re7 43. Ra1 Kf7 44. Kh1 h5 45. Ba4 Qe3 46. Qa2 Qe6 47. Bb3 Rd7 48. Ba4 Rd6 49. Bc2 0-1

[Event "Florence op-B 6th"]
[Site "Florence"]
[Date "2012.11.04"]
[Round "6"]
[White "Fornai, Francesco"]
[Black "Baronio, Gaia"]
[Result "1/2-1/2"]
[WhiteElo "1476"]
[BlackElo "1491"]
[PlyCount "54"]
[EventDate "2012.11.01"]
[EventType "swiss"]
[EventRounds "7"]
[EventCountry "ITA"]
[SourceTitle "EXT 2024"]
[Source "ChessBase"]
[SourceDate "2023.10.10"]
[SourceVersion "1"]
[SourceVersionDate "2023.10.10"]
[SourceQuality "1"]

1. e4 c6 2. d4 d5 3. e5 Bf5 4. Nf3 e6 5. Bd3 Bxd3 6. Qxd3 c5 7. c4 cxd4 8. Nxd4 dxc4 9. Qxc4 Qa5+ 10. Bd2 Qxe5+ 11. Be3 Qc5 12. Qb5+ Qxb5 13. Nxb5 Bb4+ 14. N1c3 Na6 15. Bxa7 Nf6 16. Bd4 0-0 17. Bxf6 gxf6 18. 0-0 Bxc3 19. Nxc3 Nb4 20. a3 Nd3 21. Rab1 Ne5 22. Rfe1 Rfd8 23. Ne4 Kg7 24. Re3 Rd4 25. Rg3+ Ng6 26. Nc3 Rad8 27. h3 Kf8 1/2-1/2

[Event "Florence op-B 6th"]
[Site "Florence"]
[Date "2012.11.01"]
[Round "1"]
[White "Baronio, Gaia"]
[Black "Targetti, Andrea"]
[Result "1-0"]
[WhiteElo "1491"]
[BlackElo "1437"]
[PlyCount "117"]
[EventDate "2012.11.01"]
[EventType "swiss"]
[EventRounds "7"]
[EventCountry "ITA"]
[SourceTitle "EXT 2024"]
[Source "ChessBase"]
[SourceDate "2023.10.10"]
[SourceVersion "1"]
[SourceVersionDate "2023.10.10"]
[SourceQuality "1"]

1. e4 e5 2. Nf3 Nf6 3. Nc3 Nc6 4. Bc4 Bc5 5. d3 d6 6. h3 0-0 7. Bg5 h6 8. Bh4 Nd4 9. Nd5 g5 10. Bg3 Nxd5 11. Bxd5 c6 12. Bc4 b5 13. Bb3 a5 14. Nxd4 Bxd4 15. c3 Bb6 16. a4 b4 17. d4 exd4 18. cxd4 Qe7 19. f3 Be6 20. Bc2 f5 21. 0-0 fxe4 22. fxe4 Rxf1+ 23. Kxf1 Bc4+ 24. Bd3 Rf8+ 25. Ke1 Bxd3 26. Qxd3 d5 27. e5 Qe6 28. Rc1 Rc8 29. Kf1 c5 30. Bf2 cxd4 31. Rxc8+ Qxc8 32. Qg6+ Kf8 33. Qxh6+ Ke8 34. Qxb6 Qc1+ 35. Be1 Qf4+ 36. Bf2 Qc1+ 37. Be1 Qf4+ 38. Kg1 Qe3+ 39. Bf2 Qc1+ 40. Kh2 Qd2 41. Qxd4 Qxd4 42. Bxd4 Ke7 43. Kg3 Kf7 44. Kg4 Kg6 45. Be3 b3 46. Bxg5 d4 47. Bd2 Kf7 48. h4 Ke6 49. Kf4 d3 50. Ke4 Kf7 51. Kxd3 Ke6 52. Kd4 Ke7 53. h5 Ke6 54. h6 Kf7 55. Kd5 Kg8 56. Kd6 Kf8 57. Kd7 Kf7 58. e6+ Kf8 59. e7+ 1-0